000 01139nam a2200265 a 4500
001 000013298
005 20260305073950.0
008 091123s1999 dr 001 e spa d
020 _a8489539944
040 _aDO-SdBNP
_bspa
_cBNPHU
082 _aRD864.44
_bS132r
100 1 _aTorres-Saillant, Silvio
_927004
245 1 3 _aEl retorno de las yolas :
_bensayos sobre diáspora, democracia y dominicanidad /
_cSilvio Torres-Saillant ; prólogo Frank Moya Pons.
260 _aSanto Domingo :
_bLibrería La Trinitaria :
_bManatí,
_c1999.
300 _a476 p. ;
_c23 cm.
500 _aIncluye índice onomástico
500 _aIncluye notas al pie de las páginas.
504 _aIncluye referencias bibliografías (p. 277- 278, 435-439)
650 4 _aCultura
_zRepública Dominicana
_xEnsayos, conferencias, etc.
_927116
651 4 _aRepública Dominicana
_xEmigración E Inmigración
_xEnsayos, Conferencias, Etc.
_930496
650 4 _aLiteratura dominicana
_xHistoria crítica
_xEnsayos, conferencias, etc.
_930497
700 1 _aMoya Pons, Frank,
_d1944-
_epról.
_92095
910 _aValidado. Control de calidad MMOLINA
049 _aBNPD
999 _c12928
_d12928